|
|
|
|
| LEADER |
01787nam a2200409 a 4500 |
| 001 |
c000185030 |
| 003 |
CARM |
| 005 |
20050815152837.0 |
| 008 |
870309s1986 vraa bs 000 0 eng d |
| 019 |
1 |
|
|a 5184561
|5 LACONCORD2021
|
| 020 |
|
|
|a 0908037538 (v. 4)
|
| 020 |
|
|
|a 0908037503 (v. 1)
|
| 020 |
|
|
|a 0908037511 (v. 2)
|
| 020 |
|
|
|a 090803749X (set) :
|c price unknown
|
| 020 |
|
|
|a 090803752X (v. 3)
|
| 035 |
|
|
|a (OCoLC)27579999
|5 LACONCORD2021
|
| 040 |
|
|
|a ANB
|b eng
|c ANB
|
| 042 |
|
|
|a anuc
|
| 043 |
|
|
|a u-at-vi
|
| 082 |
0 |
4 |
|a 374/.013/019
|2 19
|
| 100 |
1 |
|
|a Smith, Peter J.
|q (Peter John),
|d 1947-
|
| 245 |
1 |
0 |
|a Learning style preferences of technical and further education students, and delivery methods in selected teaching programs (with some selected university student comparisons) /
|c [Peter J. Smith, Colleen F. Lindner].
|
| 260 |
|
|
|a Geelong, Vic. :
|b Gordon Technical College,
|c c1986.
|
| 300 |
|
|
|a 4 v. :
|b ill. ;
|c 30 cm.
|
| 500 |
|
|
|a Chiefly tables.
|
| 500 |
|
|
|a Spiral binding.
|
| 504 |
|
|
|a Includes bibliographies.
|
| 505 |
0 |
|
|a v. 1. Research report - V. 2. Appendices of statistical analyses and results - v. 3. Further appendices of statistical analyses and results - v. 4. Non statistical appendices.
|
| 650 |
|
0 |
|a Vocational education
|z Victoria
|z Melbourne
|x Psychological aspects.
|
| 650 |
|
0 |
|a Educational surveys
|z Victoria
|z Melbourne.
|
| 650 |
|
0 |
|a Learning, Psychology of.
|
| 650 |
|
0 |
|a Cognitive styles.
|
| 700 |
1 |
|
|a Lindner, Colleen F.
|
| 710 |
2 |
|
|a Gordon Technical College (Geelong, Vic.)
|
| 852 |
8 |
|
|b CARM
|h A2:AM23B0
|i D08270
|p 0257727
|f BK
|
| 999 |
f |
f |
|i 7ee3a0f2-221a-5726-be90-a70f825d7daa
|s fa83d93e-f564-51c2-aba2-74deb4c9e20c
|
| 952 |
f |
f |
|p Can circulate
|a CAVAL
|b CAVAL
|c CAVAL
|d CARM 1 Store
|e D08270
|f A2:AM23B0
|h Other scheme
|i book
|j v.1
|m 0257727
|